[Event "11th SC 1400/1800"]
[Site "SchemingMind.com"]
[Date "2006.06.06"]
[Round "-"]
[White "shakespeare"]
[Black "spoke"]
[Result "0-1"]
[WhiteCountry "ROU"]
[BlackCountry "GER"]
[WhiteElo "1411"]
[WhiteRD "170"]
[BlackElo "1692"]
[BlackRD "64"]
[GameID "54025"]

1. d4 d5 2. e3 Nf6 3. Nc3 Nc6 4. Bb5 Bd7 5. Qd3 a6 6. Ba4 e6 7. Nf3 b5 8. Bb3 Bb4 9. Bd2 Na5 10. a3 Bxc3
11. bxc3 Nc4 12. O-O Ne4 13. Bxc4 bxc4 14. Qe2 O-O 15. Ne5 f6 16. Ng4 e5 17. f3 Bxg4 18. h3 Nxd2 19. Qxd2 Bf5 20. Rae1 Rb8
21. g4 Bg6 22. Kg2 Rb2 23. Rc1 Qe7 24. dxe5 Qxe5 25. e4 dxe4 26. f4 e3 27. Qd8 Qe4+
0-1

[Event "11th SC 1400/1800"]
[Site "SchemingMind.com"]
[Date "2006.06.06"]
[Round "-"]
[White "spoke"]
[Black "shakespeare"]
[Result "1-0"]
[WhiteCountry "GER"]
[BlackCountry "ROU"]
[WhiteElo "1678"]
[WhiteRD "61"]
[BlackElo "1286"]
[BlackRD "127"]
[GameID "54026"]

1. e4 e5 2. Nf3 d6 3. d4 Nc6 4. Bb5 a6 5. Bxc6+ bxc6 6. dxe5 Bg4 7. exd6 cxd6 8. h3 Be6 9. O-O Be7 10. Nc3 Nf6
11. Bf4 O-O 12. Qe2 Qb8 13. e5 dxe5 14. Bxe5 Qxb2 15. Nd5 Qb7 16. Rfb1 Qd7 17. Nb6 Qd8 18. Nxa8 Qxa8 19. Rb6 Bc5 20. Rxa6 Qc8
21. Bd4 Ne4 22. Bxc5 Nxc5 23. Ra5 Nb7 24. Re5 Nd8 25. Nd4 h6 26. Nxe6 Nxe6 27. a4 Nf4 28. Qe4 Nd5 29. c4 Nc3 30. Qd3 f6
31. Ree1 Nxa4 32. Rxa4 Re8 33. Rxe8+ Qxe8 34. Qe3 Qxe3 35. fxe3 Kf7 36. Ra7+ Kg6 37. Rc7
1-0

[Event "11th SC 1400/1800"]
[Site "SchemingMind.com"]
[Date "2006.06.06"]
[Round "-"]
[White "Tipperary"]
[Black "spoke"]
[Result "0-1"]
[WhiteCountry "IRL"]
[BlackCountry "GER"]
[WhiteElo "1542"]
[WhiteRD "82"]
[BlackElo "1694"]
[BlackRD "64"]
[GameID "54069"]

1. e4 e5 2. Nf3 Nc6 3. Bc4 Nf6 4. d3 Bc5 5. O-O d6 6. c3 Be6 7. b4 Bxc4 8. dxc4 Nxe4 9. bxc5 Nxc5 10. Be3 Ne6
11. Na3 O-O 12. Qc2 f5 13. c5 f4 14. Bd2 Nxc5 15. Nc4 e4 16. Nd4 Nxd4 17. cxd4 Nd3 18. g3 Qf6 19. Qb3 d5 20. Ne5 Nxe5
21. dxe5 Qxe5 22. gxf4 Qd6 23. Rae1 b6 24. Bb4 c5 25. Bd2 Rab8 26. Kh1 a5 27. Qg3 Qg6 28. Qxg6 hxg6 29. Rg1 Rf6 30. a4 Kf7
31. Bc1 Re8 32. Rg3 d4 33. Rd1 d3 34. Be3 c4 35. Bd4 Rc6 36. Bc3 Rb8 37. f5 b5 38. Rdg1 b4 39. Be5 Re8 40. f6 Rxe5
41. Rxg6 gxf6 42. Rg8 c3 43. R1g7+ Ke6 44. Re8+ Kd5 45. Rd8+ Kc4 46. Rgd7 c2 47. h4 c1=Q+ 48. Kg2 Qf4 49. Rh7 Qf3+ 50. Kg1 Kb3
51. Rg8 Rc1+
0-1

[Event "11th SC 1400/1800"]
[Site "SchemingMind.com"]
[Date "2006.06.06"]
[Round "-"]
[White "Tipperary"]
[Black "shakespeare"]
[Result "1-0"]
[WhiteCountry "IRL"]
[BlackCountry "ROU"]
[WhiteElo "1365"]
[WhiteRD "67"]
[BlackElo "1235"]
[BlackRD "119"]
[GameID "54070"]

1. d4 Nf6 2. c3 d5 3. e3 Bf5 4. Bd3 Bxd3 5. Qxd3 e6 6. Qb5+ c6 7. Qd3 Bd6 8. Nf3 Ng4 9. h3 Nf6 10. b4 b5
11. O-O O-O 12. Nbd2 a5 13. Ba3 axb4 14. Ng5 bxa3 15. f4 g6 16. Ndf3 Nh5 17. Rf2
1-0

[Event "11th SC 1400/1800"]
[Site "SchemingMind.com"]
[Date "2006.06.07"]
[Round "-"]
[White "spoke"]
[Black "Tipperary"]
[Result "0-1"]
[WhiteCountry "GER"]
[BlackCountry "IRL"]
[WhiteElo "1694"]
[WhiteRD "64"]
[BlackElo "1542"]
[BlackRD "82"]
[GameID "54071"]

1. e4 g6 2. d4 Bg7 3. c4 c5 4. d5 d6 5. Nf3 Qb6 6. Qb3 Nf6 7. Nc3 O-O 8. Bd3 Na6 9. Qxb6 axb6 10. a3 Nb4
11. axb4 Rxa1 12. O-O cxb4 13. Nb5 Ng4 14. h3 Ne5 15. Nxe5 Bxe5 16. f4 Bf6 17. Kf2 Bd7 18. Be3 Rxf1+ 19. Bxf1 Bxb2
0-1

[Event "11th SC 1400/1800"]
[Site "SchemingMind.com"]
[Date "2006.06.13"]
[Round "-"]
[White "shakespeare"]
[Black "Tipperary"]
[Result "0-1"]
[WhiteCountry "ROU"]
[BlackCountry "IRL"]
[WhiteElo "1235"]
[WhiteRD "119"]
[BlackElo "1365"]
[BlackRD "67"]
[GameID "54072"]

1. e4 e5 2. Bc4 Nh6 3. Nf3 Nc6 4. d4 exd4 5. Ng5 Ne5 6. Qxd4 f6 7. Nf3 b6 8. Nxe5 fxe5 9. Qxe5+ Qe7 10. Qxe7+ Bxe7
11. O-O Ng4 12. b3 c6 13. Bb2 b5 14. Bd3 O-O 15. Bd4 c5 16. Bb2 c4 17. bxc4 bxc4 18. Bxc4+ Kh8
0-1

[Event "11th SC 1400/1800"]
[Site "SchemingMind.com"]
[Date "2006.06.06"]
[Round "-"]
[White "sidra"]
[Black "spoke"]
[Result "0-1"]
[WhiteCountry "HUN"]
[BlackCountry "GER"]
[WhiteElo "1585"]
[WhiteRD "90"]
[BlackElo "1692"]
[BlackRD "64"]
[GameID "54079"]

1. d4 Nf6 2. Nf3 d6 3. g3 g6 4. Bg2 Bg7 5. O-O O-O 6. c3 c5 7. dxc5 dxc5 8. Be3 Nbd7 9. a3 b6 10. Ra2 Bb7
11. b4 Nd5 12. Qc2 Nxe3 13. fxe3 c4 14. Nd4 Bxg2 15. Kxg2 e5 16. Nc6 Qc7 17. Ne7+ Kh8 18. Nd5 Qc6 19. e4 Nf6 20. Nxf6 Bxf6
21. Nd2 Rad8 22. Nf3 Rd6 23. Raa1 Rfd8 24. h4 h5 25. Ng5 Bxg5 26. hxg5 Rd2 27. Qc1 Rxe2+ 28. Kh3 Qxe4 29. Rf4 Qg2+ 30. Kh4 Qh2#
0-1

[Event "11th SC 1400/1800"]
[Site "SchemingMind.com"]
[Date "2006.06.06"]
[Round "-"]
[White "sidra"]
[Black "shakespeare"]
[Result "1-0"]
[WhiteCountry "HUN"]
[BlackCountry "ROU"]
[WhiteElo "1595"]
[WhiteRD "89"]
[BlackElo "1286"]
[BlackRD "127"]
[GameID "54080"]

1. d4 d5 2. Nf3 Bf5 3. e3 e6 4. Bd3 Ne7 5. Nc3 h6 6. O-O Nbc6 7. Bxf5 Nxf5 8. a3 Bd6 9. g3 Qd7 10. Re1 O-O-O
11. b4 Nxb4 12. axb4 Bxb4 13. Bd2 Bxc3 14. Bxc3 a6 15. Ne5 Qe7 16. Qd2 f6 17. Ng6 Qd6 18. Nxh8 Rxh8 19. Bb4 Qd7 20. Reb1 Nd6
21. Bxd6 Qxd6 22. c3 b6 23. f4 a5 24. Qd3 Kd7 25. Qg6 Qe7 26. h4 Rb8 27. f5 e5 28. Kf2 e4 29. g4 Rh8 30. Rg1 c6
31. Rg2 Kc7 32. g5
1-0

[Event "11th SC 1400/1800"]
[Site "SchemingMind.com"]
[Date "2006.06.06"]
[Round "-"]
[White "sidra"]
[Black "Tipperary"]
[Result "0-1"]
[WhiteCountry "HUN"]
[BlackCountry "IRL"]
[WhiteElo "1585"]
[WhiteRD "90"]
[BlackElo "1499"]
[BlackRD "71"]
[GameID "54081"]

1. d4 Nf6 2. Nf3 c5 3. dxc5 Qa5+ 4. Bd2 Qxc5 5. b4 Qb6 6. a3 Ne4 7. e3 f6 8. Bd3 f5 9. O-O d6 10. Bxe4 fxe4
11. Nd4 Nc6 12. Nxc6 bxc6 13. a4 g6 14. Bc3 e5 15. Re1 Qd8 16. a5 h5 17. h3 Be7 18. Nd2 Bf5 19. g4 hxg4 20. hxg4 Be6
21. Nxe4 Rh4 22. f3 Kf7 23. Kg2 Qh8 24. Rh1 Rxh1 25. Qxh1 Qg7 26. Kf2 Rh8 27. Qg2 Bh4+ 28. Ke2 d5 29. Nc5 d4 30. Nxe6 Kxe6
31. exd4 exd4 32. Bb2 d3+ 33. Kxd3 Qxb2 34. Qe2+ Kf7 35. Ra4 Rd8+ 36. Kc4 Rd4+ 37. Kc5 Qc3+
0-1

[Event "11th SC 1400/1800"]
[Site "SchemingMind.com"]
[Date "2006.06.07"]
[Round "-"]
[White "spoke"]
[Black "sidra"]
[Result "1-0"]
[WhiteCountry "GER"]
[BlackCountry "HUN"]
[WhiteElo "1692"]
[WhiteRD "64"]
[BlackElo "1585"]
[BlackRD "90"]
[GameID "54082"]

1. e4 e5 2. Nf3 d6 3. d4 exd4 4. Qxd4 Nc6 5. Bb5 Bd7 6. Bxc6 Bxc6 7. Nc3 Nf6 8. Nd5 Nxd5 9. exd5 Bd7 10. O-O f6
11. Re1+ Be7 12. Ng5 O-O 13. Ne6 Bxe6 14. Rxe6 Qd7 15. Bf4 b6 16. Rae1 Rfe8 17. Qe3 Kf7 18. Qh3 h6 19. Qh5+ Kg8 20. Qg6 Kf8
21. h3 Rac8 22. Qf5 g5 23. Bd2 Kg7 24. Qe4 Kf7 25. Qh7+ Kf8 26. Qxh6+ Kf7 27. Qh7+ Kf8 28. h4 c5 29. hxg5 fxg5 30. Bxg5 Qc7
31. Bh6#
1-0

[Event "11th SC 1400/1800"]
[Site "SchemingMind.com"]
[Date "2006.06.13"]
[Round "-"]
[White "shakespeare"]
[Black "sidra"]
[Result "0-1"]
[WhiteCountry "ROU"]
[BlackCountry "HUN"]
[WhiteElo "1286"]
[WhiteRD "127"]
[BlackElo "1595"]
[BlackRD "89"]
[GameID "54083"]

1. d4 d5 2. Nc3 Nf6 3. e3 e6 4. Nf3 Bb4 5. Bd2 O-O 6. Bd3 a6 7. O-O Nc6 8. a3 Bd6 9. e4 dxe4 10. Nxe4 Nxe4
11. Bxe4 h6 12. Qc1 f5 13. Bxh6 fxe4 14. Bg5 Be7 15. Bxe7 Qxe7 16. Ng5 Nxd4 17. Re1 Rf5 18. Nxe4 Nc6 19. c3 e5 20. Qc2 b6
21. Rad1 Be6 22. Ng3 Rf7 23. b4 Raf8 24. Rd2 Bf5 25. Nxf5 Rxf5 26. Qb3+ Kh8 27. Rd3 g6
0-1

[Event "11th SC 1400/1800"]
[Site "SchemingMind.com"]
[Date "2006.06.07"]
[Round "-"]
[White "Tipperary"]
[Black "sidra"]
[Result "0-1"]
[WhiteCountry "IRL"]
[BlackCountry "HUN"]
[WhiteElo "1499"]
[WhiteRD "71"]
[BlackElo "1585"]
[BlackRD "90"]
[GameID "54084"]

1. e4 e5 2. Nf3 d6 3. Nc3 c6 4. d3 Nf6 5. Be3 b5 6. Be2 Be7 7. a4 b4 8. Na2 a5 9. g3 O-O 10. d4 exd4
11. Nxd4 Nxe4 12. f3 Nc5 13. O-O Nxa4 14. c3 Nxb2 15. Qc2 bxc3 16. Nxc3 c5 17. Qxb2 cxd4 18. Bxd4 Nd7 19. Nd5 Bf6 20. Ra4 Bxd4+
21. Qxd4 Nc5 22. Rb1 Nxa4 23. Bb5 Nc5 24. Bc6 Ne6 25. Qb2 Ra7 26. h4 Nc5 27. Qe2 Be6 28. Nf4 Rc7 29. Bd5 Bxd5 30. Nxd5 Rb7
31. Rxb7 Nxb7 32. Ne7+ Kh8 33. Nc6 Qd7 34. Qb5 Rc8 35. Nd4 Qxb5 36. Nxb5 d5 37. Kf2 Rc5 38. Nd4 a4 39. Ke2 a3 40. Kd2 Na5
41. Nc2 a2 42. Na1 d4 43. Kd1 Rc3 44. Kd2 Nb3+
0-1

[Event "11th SC 1400/1800"]
[Site "SchemingMind.com"]
[Date "2006.06.07"]
[Round "-"]
[White "gregor"]
[Black "sidra"]
[Result "0-1"]
[WhiteCountry "GER"]
[BlackCountry "HUN"]
[WhiteElo "1518"]
[WhiteRD "73"]
[BlackElo "1635"]
[BlackRD "99"]
[GameID "54138"]

1. d4 d5 2. Nc3 Nf6 3. Bg5 h6 4. Bxf6 exf6 5. Qd3 Be7 6. e4 dxe4 7. Qxe4 c6 8. Nf3 O-O 9. O-O-O f5 10. Qe3 Re8
11. Qd3 a6 12. g3 b5 13. Bh3 g6 14. Ne5 Bb7 15. Rhe1 Nd7 16. Nxd7 Qxd7 17. Qd2 Bg5 18. f4 Rxe1 19. fxg5 Rxd1+ 20. Nxd1 hxg5
21. c3 g4 22. Bg2 Re8 23. Ne3 Qe7 24. Nc2 Qe2 25. Qxe2 Rxe2
0-1

[Event "11th SC 1400/1800"]
[Site "SchemingMind.com"]
[Date "2006.06.07"]
[Round "-"]
[White "gregor"]
[Black "shakespeare"]
[Result "1-0"]
[WhiteCountry "GER"]
[BlackCountry "ROU"]
[WhiteElo "1559"]
[WhiteRD "74"]
[BlackElo "1286"]
[BlackRD "127"]
[GameID "54139"]

1. d4 e5 2. dxe5 Nc6 3. Bf4 d6 4. exd6 cxd6 5. e4 Be6 6. Nf3 Nf6 7. Nc3 d5 8. exd5 Nxd5 9. Qd2 Bb4 10. Bb5 O-O
11. O-O Nxf4 12. Qxf4 Bd6 13. Qe4 a6 14. Bxc6 bxc6 15. Qxc6 Be5 16. Nxe5 h6 17. Rad1 Qf6 18. Rfe1 Rad8 19. Rxd8 Rxd8 20. Qxa6 Rd2
21. Qa8+ Kh7 22. Qf3 Qxf3 23. gxf3 Rxc2 24. a4 Rxb2 25. Ra1 Rc2 26. Nb5 Bd5 27. a5 Rc5 28. Nd4 f6 29. Nd7 Rc3 30. a6 Rb3
31. Nxb3
1-0

[Event "11th SC 1400/1800"]
[Site "SchemingMind.com"]
[Date "2006.06.07"]
[Round "-"]
[White "gregor"]
[Black "Tipperary"]
[Result "0-1"]
[WhiteCountry "GER"]
[BlackCountry "IRL"]
[WhiteElo "1518"]
[WhiteRD "73"]
[BlackElo "1542"]
[BlackRD "82"]
[GameID "54140"]

1. d4 Nf6 2. c4 d5 3. e3 c6 4. Nf3 e6 5. Nbd2 Ne4 6. Bd3 Bb4 7. O-O O-O 8. Bxe4 Bxd2 9. Nxd2 dxe4 10. Nxe4 h6
11. b3 f5 12. Ng3 Na6 13. Nh5 b6 14. Qf3 g5 15. Qxc6 Bd7 16. Qf3 g4 17. Qb7 Nc7 18. Ba3 Rf7 19. Bd6 Ne8 20. c5 Nxd6
21. c6 Nxb7 22. cxb7 Rb8 23. Rac1 Rxb7 24. a4 Be8 25. Rc2 Rfc7 26. Rxc7 Rxc7 27. Nf4 Qc8 28. g3 Rc1 29. Rxc1 Qxc1+ 30. Kg2 Qd1
31. Nxe6 Bc6+
0-1

[Event "11th SC 1400/1800"]
[Site "SchemingMind.com"]
[Date "2006.06.07"]
[Round "-"]
[White "spoke"]
[Black "gregor"]
[Result "1-0"]
[WhiteCountry "GER"]
[BlackCountry "GER"]
[WhiteElo "1692"]
[WhiteRD "64"]
[BlackElo "1497"]
[BlackRD "72"]
[GameID "54141"]

1. e4 e5 2. Nf3 Nc6 3. Bc4 Nf6 4. Ng5 Qe7 5. Bxf7+ Qxf7 6. Nxf7 Kxf7 7. d3 Bc5 8. Be3 Bxe3 9. fxe3 d6 10. Qd2 Rf8
11. O-O Kg8 12. Nc3 a6 13. Rf2 Bg4 14. Raf1 Nb4 15. a3 Nc6 16. Nd5 Rf7 17. Nxf6+ gxf6 18. Rxf6 Bh5 19. Qf2 Raf8 20. Qg3+ Bg6
21. Rxf7 Rxf7 22. Rxf7 Kxf7 23. Kf2 b5 24. Qg5 a5 25. h4 Kf8 26. h5 Bf7 27. Qf6 Ne7 28. g4 Ng8 29. Qd8+ Kg7 30. Qxc7 Nf6
31. Kg3 a4 32. Qxd6 h6 33. Qxe5
1-0

[Event "11th SC 1400/1800"]
[Site "SchemingMind.com"]
[Date "2006.06.07"]
[Round "-"]
[White "sidra"]
[Black "gregor"]
[Result "1/2-1/2"]
[WhiteCountry "HUN"]
[BlackCountry "GER"]
[WhiteElo "1585"]
[WhiteRD "90"]
[BlackElo "1497"]
[BlackRD "72"]
[GameID "54142"]

1. d4 d5 2. Nf3 Nf6 3. e3 Ne4 4. Bd3 Bg4 5. h3 Bh5 6. O-O e6 7. c3 Bd6 8. Be2 Nd7 9. Nh2 Bxe2 10. Qxe2 O-O
11. b4 b6 12. a4 c5 13. dxc5 bxc5 14. bxc5 Ndxc5 15. Qc2 Rb8 16. Nd2 Bxh2+ 17. Kxh2 Qf6 18. Nxe4 dxe4 19. Bd2 Qe5+ 20. g3 f5
21. f4 Qd6 22. Ra2 Nd3 23. Bc1 Nxc1 24. Rxc1 e5 25. fxe5 Qxe5 26. Kg2 Rb6 27. Rd1 Rg6 28. Qf2 Qxc3 29. Rdd2 a5 30. Rdc2 Qe5
31. Kh2 h5 32. h4 Rg4 33. Kh3 Qd6=
1/2-1/2

[Event "11th SC 1400/1800"]
[Site "SchemingMind.com"]
[Date "2006.06.13"]
[Round "-"]
[White "shakespeare"]
[Black "gregor"]
[Result "0-1"]
[WhiteCountry "ROU"]
[BlackCountry "GER"]
[WhiteElo "1286"]
[WhiteRD "127"]
[BlackElo "1559"]
[BlackRD "74"]
[GameID "54143"]

1. Nc3 d5 2. e4 d4 3. Nb5 c6 4. Na3 e5 5. Nc4 Nd7 6. d3 Bb4+ 7. Bd2 a5 8. a3 Be7 9. Nf3 f6 10. Be2 b5
11. Nxa5 Rxa5 12. Bxa5 Qxa5+ 13. b4 Bxb4+ 14. axb4 Qxb4+ 15. Nd2 Ne7 16. O-O O-O 17. Nb3 Nb6 18. Qd2 Qd6 19. c3 Ng6 20. cxd4 Nf4
21. dxe5 fxe5 22. d4 Qg6 23. Bf3 Bh3 24. Qa2 Bxg2
0-1

[Event "11th SC 1400/1800"]
[Site "SchemingMind.com"]
[Date "2006.06.07"]
[Round "-"]
[White "Tipperary"]
[Black "gregor"]
[Result "1-0"]
[WhiteCountry "IRL"]
[BlackCountry "GER"]
[WhiteElo "1499"]
[WhiteRD "71"]
[BlackElo "1497"]
[BlackRD "72"]
[GameID "54144"]

1. d4 d5 2. c4 e6 3. cxd5 exd5 4. Nc3 c5 5. e3 cxd4 6. Bb5+ Bd7 7. exd4 Bxb5 8. Nxb5 Qa5+ 9. Nc3 Nf6 10. Bd2 Bb4
11. Qe2+ Be7 12. Ne4 Qb6 13. Nc5 Qxb2 14. Rc1 Qxd4 15. Qb5+ Nc6 16. Nxb7 Rc8 17. Ne2 Qb6 18. Qxb6 axb6 19. O-O O-O 20. Rfd1 Rc7
21. Bf4 Rxb7 22. Rxc6 b5 23. Rdc1 Rd7 24. Be5 b4 25. h3 Ne4 26. f3 Nd2 27. Rd1 Nxf3+ 28. gxf3 Bh4 29. Rd6 Rxd6 30. Bxd6 Re8
31. Rc1 g5 32. Nd4 h5 33. Bxb4 Kg7 34. f4 gxf4 35. Nf5+ Kf6 36. Nxh4 d4 37. Bd2 Re2 38. Bxf4 d3 39. Rd1 Rxa2 40. Rxd3 Ra4
41. Ng2 Kf5 42. Rf3 Ke6 43. Re3+
1-0

[Event "11th SC 1400/1800"]
[Site "SchemingMind.com"]
[Date "2006.06.07"]
[Round "-"]
[White "echecs"]
[Black "spoke"]
[Result "1-0"]
[WhiteCountry "ENG"]
[BlackCountry "GER"]
[WhiteElo "1749"]
[WhiteRD "116"]
[BlackElo "1694"]
[BlackRD "64"]
[GameID "54166"]

1. b4 e5 2. Bb2 f6 3. a3 c5 4. b5 a6 5. Nc3 axb5 6. Nxb5 Na6 7. Nf3 Nh6 8. e4 Be7 9. Bc4 Nc7 10. Nxc7+ Qxc7
11. Nxe5 fxe5 12. Qh5+ Kd8 13. Bxe5 Qc6 14. Bd5 Qg6 15. Qxg6 hxg6 16. Bxg7 Rh7 17. Bc3 d6 18. f3 Nf7 19. a4 Kc7 20. a5 Bd7
21. O-O Bc6 22. Bc4 Rah8 23. Bxh8 Rxh8 24. Bxf7
1-0

[Event "11th SC 1400/1800"]
[Site "SchemingMind.com"]
[Date "2006.06.07"]
[Round "-"]
[White "echecs"]
[Black "gregor"]
[Result "1-0"]
[WhiteCountry "ENG"]
[BlackCountry "GER"]
[WhiteElo "1749"]
[WhiteRD "116"]
[BlackElo "1518"]
[BlackRD "73"]
[GameID "54167"]

1. b4 e5 2. Bb2 f6 3. a3 d5 4. e3 Bf5 5. Nf3 Nc6 6. Nh4 Qd7 7. Nc3 d4 8. Nb5 Be6 9. exd4 Nxd4 10. Nxd4 exd4
11. Qf3 O-O-O 12. Qd3 Bg4 13. Nf3 Qe7+ 14. Be2 Bxf3 15. Qxf3 h5 16. O-O-O Qe6 17. Bd3 Bd6 18. Bf5
1-0

[Event "11th SC 1400/1800"]
[Site "SchemingMind.com"]
[Date "2006.06.07"]
[Round "-"]
[White "echecs"]
[Black "sidra"]
[Result "1-0"]
[WhiteCountry "ENG"]
[BlackCountry "HUN"]
[WhiteElo "1651"]
[WhiteRD "71"]
[BlackElo "1595"]
[BlackRD "89"]
[GameID "54168"]

1. b4 d5 2. Bb2 Nf6 3. Nf3 e6 4. a3 c5 5. bxc5 Bxc5 6. e3 O-O 7. c4 Nc6 8. cxd5 exd5 9. Qc2 Be7 10. Bd3 g6
11. h4 Re8 12. Ng5 Nh5 13. Nc3 Bxg5 14. hxg5 Qxg5 15. Nb5 Rd8 16. O-O-O a6 17. Nd4 Nxd4 18. Bxd4 Bf5 19. Bxf5 gxf5 20. Kb1 Rdc8
21. Qb2 b5 22. f4 Qg4 23. Rc1 Rxc1+ 24. Rxc1 Qxg2 25. Qc2 Qe4 26. Rg1+ Kf8 27. Bc5+ Ke8 28. Rg8+ Kd7 29. Rxa8 Qxc2+ 30. Kxc2 Kc6
31. Bd4 Kb7 32. Ra7+ Kc8 33. Rxa6 Kd7 34. Rh6 Ng3 35. Rxh7 Ke6 36. Rh6+ Kd7 37. Rb6 Ne4 38. Rxb5 Ke6 39. Rb6+ Kd7 40. a4 Nd6
41. d3 Ke7 42. Bc5 Kd7 43. Rxd6+ Kc7 44. a5 d4 45. exd4 Kb7 46. a6+ Kb8 47. a7+ Kb7 48. Rd8 Kc7 49. Rb8
1-0

[Event "11th SC 1400/1800"]
[Site "SchemingMind.com"]
[Date "2006.06.07"]
[Round "-"]
[White "echecs"]
[Black "shakespeare"]
[Result "1-0"]
[WhiteCountry "ENG"]
[BlackCountry "ROU"]
[WhiteElo "1630"]
[WhiteRD "85"]
[BlackElo "1411"]
[BlackRD "170"]
[GameID "54169"]

1. e4 e5 2. Nf3 d6 3. Nc3 Nf6 4. Bb5+ Bd7 5. Bc4 h6 6. d4 exd4 7. Qxd4 Be7 8. e5 dxe5 9. Nxe5 Rf8 10. Be3 Nc6
11. Nxc6 Bxc6 12. O-O Bd6 13. Rfe1 Qe7 14. Bxh6 gxh6 15. Qxf6 Qxe1+ 16. Rxe1+
1-0

[Event "11th SC 1400/1800"]
[Site "SchemingMind.com"]
[Date "2006.06.07"]
[Round "-"]
[White "echecs"]
[Black "Tipperary"]
[Result "1-0"]
[WhiteCountry "ENG"]
[BlackCountry "IRL"]
[WhiteElo "1749"]
[WhiteRD "116"]
[BlackElo "1542"]
[BlackRD "82"]
[GameID "54170"]

1. e4 h5 2. d4 c5 3. c3 e6 4. Nf3 cxd4 5. cxd4 Bb4+ 6. Nc3 Nf6 7. e5 Ne4 8. Bd2 f6 9. Nxe4 Bxd2+ 10. Qxd2 O-O
11. exf6 Rf7 12. Nfg5 d5 13. Nxf7 Kxf7 14. fxg7 dxe4 15. Be2 Kxg7 16. Bxh5 Nc6 17. O-O-O b6 18. f3 e5 19. fxe4 Nxd4 20. Kb1 Be6
21. Qe3 Qh4 22. g4 Bxg4 23. Bxg4 Rd8 24. Rhg1 Kf6 25. Rdf1+ Ke7 26. Qa3+ Rd6 27. Qxa7+ Ke8 28. Bh5+
1-0

[Event "11th SC 1400/1800"]
[Site "SchemingMind.com"]
[Date "2006.06.07"]
[Round "-"]
[White "spoke"]
[Black "echecs"]
[Result "1-0"]
[WhiteCountry "GER"]
[BlackCountry "ENG"]
[WhiteElo "1694"]
[WhiteRD "64"]
[BlackElo "1749"]
[BlackRD "116"]
[GameID "54171"]

1. e4 Nf6 2. Nc3 e6 3. d4 Bb4 4. Bd3 c5 5. dxc5 Bxc5 6. Nf3 Ng4 7. O-O Qb6 8. Qe2 Be7 9. h3 Nf6 10. Na4 Qa5
11. b3 Nc6 12. Bd2 Qc7 13. c4 a6 14. c5 Ne5 15. Nxe5 Qxe5 16. Nb6 Rb8 17. b4 Bd8 18. Nc4 Qh5 19. Nd6+ Kf8 20. Qxh5 Nxh5
21. e5 g6 22. Be4 b6 23. Be3 b5 24. Nxc8 Rxc8 25. Bb7 Rb8 26. Bxa6 Ng7 27. Rfd1 Ne8 28. a4 bxa4 29. Rxa4 Nc7 30. Rxd7 Kg7
31. Be2 Nd5 32. Raa7 Rf8 33. c6 Rxb4 34. Bc5 Rb1+ 35. Kh2 Rh8 36. Rxf7+ Kh6 37. Ra8 Rc1 38. Bf8+ Kg5 39. Rxd8 h5 40. g3 h4
41. f4+
1-0

[Event "11th SC 1400/1800"]
[Site "SchemingMind.com"]
[Date "2006.06.12"]
[Round "-"]
[White "gregor"]
[Black "echecs"]
[Result "1/2-1/2"]
[WhiteCountry "GER"]
[BlackCountry "ENG"]
[WhiteElo "1518"]
[WhiteRD "73"]
[BlackElo "1749"]
[BlackRD "116"]
[GameID "54172"]

1. d4 Nf6 2. f3 c5 3. d5 e6 4. d6 Nd5 5. e4 Nb4 6. a3 Qa5 7. Bd2 N8c6 8. Bc3 Nd4 9. Bxb4 Nxc2+ 10. Qxc2 cxb4
11. Qd2 b6 12. Qd4 bxa3+ 13. Qc3 Qg5 14. e5 axb2 15. Qxb2 Qe3+ 16. Qe2 Qc1+ 17. Qd1 Qe3+ 18. Qe2 Qc1+ 19. Qd1=
1/2-1/2

[Event "11th SC 1400/1800"]
[Site "SchemingMind.com"]
[Date "2006.06.07"]
[Round "-"]
[White "sidra"]
[Black "echecs"]
[Result "0-1"]
[WhiteCountry "HUN"]
[BlackCountry "ENG"]
[WhiteElo "1612"]
[WhiteRD "84"]
[BlackElo "1689"]
[BlackRD "67"]
[GameID "54173"]

1. d4 Nf6 2. Nf3 e6 3. g3 c5 4. dxc5 Bxc5 5. Bg2 Qa5+ 6. c3 Ng4 7. e3 Qb6 8. b4 Be7 9. O-O h5 10. h3 Nf6
11. a4 Nd5 12. a5 Qc7 13. Bb2 Bf6 14. Qd2 Be7 15. Nd4 a6 16. e4 Nf6 17. Re1 Nc6 18. Nxc6 bxc6 19. e5 Nd5 20. Na3 Qb8
21. Bxd5 cxd5 22. h4 Bb7 23. Rad1 Qc7 24. Nb1 Qc6 25. f4 Rd8 26. Kh2 d4 27. cxd4 Bxb4 28. Nc3 Rc8 29. Ra1 Bxc3 30. Bxc3 Qxc3
31. Qxc3 Rxc3 32. Rab1 Bc8 33. Kg2 O-O 34. Kf2 Ra3 35. Ra1 Rxa1 36. Rxa1 Bb7 37. Rc1 Bc6 38. Ke3 Rb8 39. Rc3 Rb5 40. Ra3 Kf8
41. Kd3 Bd5 42. Kc3 Rb1 43. Kd2 Rg1 44. Ke2 Rg2+ 45. Kf1 Rd2 46. Ra4 Rd3 47. Kf2 Rf3+ 48. Ke2 Rxg3 49. Rb4 Bc6 50. Kf2 Ra3
51. Rb6 Rxa5 52. Rb8+ Ke7 53. Rb6 Ra3 54. d5 Bxd5 55. Ke2 a5 56. Kd2 a4 57. Ke2 Rb3 58. Rxb3 axb3 59. Kd2 d6 60. exd6+ Kxd6
61. Kc3 e5 62. fxe5+ Kxe5 63. Kb2 f5
0-1

[Event "11th SC 1400/1800"]
[Site "SchemingMind.com"]
[Date "2006.06.13"]
[Round "-"]
[White "shakespeare"]
[Black "echecs"]
[Result "0-1"]
[WhiteCountry "ROU"]
[BlackCountry "ENG"]
[WhiteElo "1411"]
[WhiteRD "170"]
[BlackElo "1630"]
[BlackRD "85"]
[GameID "54174"]

1. c4 e5 2. Nf3 Nc6 3. e3 Nf6 4. d4 exd4 5. exd4 Bb4+ 6. Bd2 Qe7+ 7. Be2 O-O 8. O-O Bxd2 9. Nbxd2 d5 10. b3 Bg4
11. c5 Rfe8 12. Re1 Ne4 13. h3 Nc3 14. Qc2 Nxe2+ 15. Rxe2 Qxe2 16. Ng5 f5 17. hxg4 Nxd4 18. Qc3 Qxg4 19. Nh3 Ne2+
0-1

[Event "11th SC 1400/1800"]
[Site "SchemingMind.com"]
[Date "2006.06.07"]
[Round "-"]
[White "Tipperary"]
[Black "echecs"]
[Result "0-1"]
[WhiteCountry "IRL"]
[BlackCountry "ENG"]
[WhiteElo "1542"]
[WhiteRD "82"]
[BlackElo "1749"]
[BlackRD "116"]
[GameID "54175"]

1. e4 Nf6 2. e5 Nd5 3. g3 c6 4. c4 Nb6 5. Nc3 e6 6. Nh3 d6 7. Qe2 Be7 8. exd6 Qxd6 9. b3 Na6 10. Ne4 Qe5
11. Bb2 Qxb2 12. Qd1 Nb4 13. Rc1 Nxa2 14. Rc2 Qxb3 15. Nf4 Nb4 16. Bd3 Nxd3+ 17. Nxd3 Qxd3 18. Qg4 Qxc2 19. O-O O-O 20. h4 Qxc4
21. Rb1 f5
0-1